| 000 | 00580nac a22001691u 4500 | ||
|---|---|---|---|
| 020 | _a9812548726 | ||
| 082 |
_a005.8 _bP1731 |
||
| 090 |
_c771 _d771 |
||
| 100 | _aPalmer, Michael | ||
| 245 |
_aGuide to operating systems security / _cMichael Palmer. |
||
| 260 |
_aAustralia : _bThomson Learning; _c2004. |
||
| 300 |
_a618 p. : _bill. ; _c24 cm. |
||
| 500 | _aIncludes index. | ||
| 650 | _aComputer security. | ||
| 942 |
_cBB _k005.8P1731 |
||
| 999 |
_c771 _d771 |
||